000 00402nam a2200169Ia 4500
001 14188
003 GE_BSU
008 181216s||||||||xx |||||||||||||| ||und||
040 _cGE_BSU
245 _aLe Point №2213. 5 fevrier 2015.
260 _aParis
260 _c2015
300 _a98p.27cm.
653 _aLe Point. №2213. 5 fevrier 2015.
653 _aპერიოდიკა
942 _cCR
999 _c47327
_d47327